000 00686nam a2200289Ia 4500
005 20260324134332.0
008 008 260324s9999 xx 000 0 eng d
020 _a9781315023939
037 _aEBOOK
040 _aCRL
040 _beng
040 _cCRL
041 _2eng
041 _aeng
084 _qCRL
100 _aLisa Yaszek
_91196428
245 4 _aThe Self Wired
245 0 _bTechnology and Subjectivity in Contemporary Narrative
260 _bTaylor and Francis
260 _c2002
365 _a
365 _b93.99
856 _uhttp://www.taylorfrancis.com/books/9781315023939
942 _cEBOOK
999 _c1796425
_d1796425